Lego Ninjago Dragons Rising Season 4 All Villains - Statistics

General Stats
  • This quiz has been taken 7 times
  • The average score is 3 of 20
Answer Stats
Answer % Correct
Empress Beatrix
86%
Ras
86%
Chief loyalist/Dr. Larow
57%
Acid monster
29%
Earth monster
14%
Loyalists
14%
Mutation monster
14%
Administration Agents
0%
Administration security bots
0%
Agent Donavon
0%
Earth dragons
0%
Evil Lloyd
0%
Frak
0%
Frost monster
0%
Insect monsters
0%
Johnny Courageous
0%
Lava monster
0%
Reginald Slitherbottom
0%
Sora
0%
The grand inquisitor of Umbrasilvis
0%
No matching quizzes found
Score Distribution
Percent of People with Each Score
Percentile by Number Answered
Your Score History
You have not taken this quiz